000 00564nam a22002057a 4500
999 _c21968
_d21968
003 OSt
005 20210914153202.0
008 170203b xxu||||| |||| 00| 0 eng d
020 _a9780137047765
040 _aMMU
_beng
_cMMU
_dMMU
050 _aQE28.2.T37 2011
100 _aTarbuck, Edward J
245 _aEarth:
_bAn introduction to physical geology/
_cTarbuck Edward J...{etal .}.
250 _a3rd canadian ed.
260 _aToronto:
_bPearson,
_c2011.
300 _axxii,553 p. :
500 _aIncludes index
650 _aEarth
942 _2lcc
_cLOAN LOAN